000 00487nam a2200181Ia 4500
001 23991
005 20260414151014.0
008 260414t2017||||xx |||||||||||||| ||spa||
041 _aESP
082 _a741.2
_bS29
100 _aScheinberger, Felix
_eAUT
245 0 _aAcuarela para urban sketchers :
_brecursos para dibujar, pintar y narrar historias en color
260 _c2017
300 _a156 páginas :
_c24 cm.
650 _aABD
654 _aCAU
942 _cLIB
_dJUS
_fJUS
_2ddc
_n
999 _c23991
_d23991